Handbook of special functions : (Record no. 8394)

MARC details
000 -LEADER
fixed length control field 01365cam a2200349 a 4500
001 - CONTROL NUMBER
control field 15294082
003 - CONTROL NUMBER IDENTIFIER
control field OSt
005 - DATE AND TIME OF LATEST TRANSACTION
control field 20240612094620.0
008 - FIXED-LENGTH DATA ELEMENTS--GENERAL INFORMATION
fixed length control field 080508s2008 flu b 001 0 eng
010 ## - LIBRARY OF CONGRESS CONTROL NUMBER
LC control number 2008021213
020 ## - INTERNATIONAL STANDARD BOOK NUMBER
International Standard Book Number 9781584889564 (alk. paper)
020 ## - INTERNATIONAL STANDARD BOOK NUMBER
International Standard Book Number 158488956X (alk. paper)
035 ## - SYSTEM CONTROL NUMBER
System control number (OCoLC)ocn166358507
035 ## - SYSTEM CONTROL NUMBER
System control number (OCoLC)166358507
040 ## - CATALOGING SOURCE
Original cataloging agency DLC
Transcribing agency MUST
Modifying agency BTCTA
-- BAKER
-- YDXCP
-- C#P
-- BWX
-- CDX
-- DLC
082 00 - DEWEY DECIMAL CLASSIFICATION NUMBER
Classification number 510
Item number BRY 2008
100 1# - MAIN ENTRY--PERSONAL NAME
Personal name Brychkov, I︠U︡. A.
Fuller form of name (I︠U︡riĭ Aleksandrovich)
9 (RLIN) 17070
245 10 - TITLE STATEMENT
Title Handbook of special functions :
Remainder of title derivatives, integrals, series and other formulas /
Statement of responsibility, etc. Yury A. Brychkov.
246 30 - VARYING FORM OF TITLE
Title proper/short title Special functions
260 ## - PUBLICATION, DISTRIBUTION, ETC. (IMPRINT)
Place of publication, distribution, etc. Boca Raton :
Name of publisher, distributor, etc. CRC Press,
Date of publication, distribution, etc. 2008.
300 ## - PHYSICAL DESCRIPTION
Extent xix, 680 p. ;
Dimensions 27 cm.
500 ## - GENERAL NOTE
General note "A Chapman & Hall book."
504 ## - BIBLIOGRAPHY, ETC. NOTE
Bibliography, etc Includes bibliographical references (p. 669-672) and index.
650 #0 - SUBJECT ADDED ENTRY--TOPICAL TERM
Topical term or geographic name as entry element Functions, Special.
9 (RLIN) 17071
650 #0 - SUBJECT ADDED ENTRY--TOPICAL TERM
Topical term or geographic name as entry element Fractional calculus.
9 (RLIN) 17072
650 #0 - SUBJECT ADDED ENTRY--TOPICAL TERM
Topical term or geographic name as entry element Integrals.
9 (RLIN) 17073
650 #0 - SUBJECT ADDED ENTRY--TOPICAL TERM
Topical term or geographic name as entry element Series.
9 (RLIN) 17074
856 41 - ELECTRONIC LOCATION AND ACCESS
Materials specified Table of contents only
Uniform Resource Identifier http://www.loc.gov/catdir/toc/ecip0818/2008021213.html
906 ## - LOCAL DATA ELEMENT F, LDF (RLIN)
a 7
b cbc
c orignew
d 1
e ecip
f 20
g y-gencatlg
942 ## - ADDED ENTRY ELEMENTS (KOHA)
Source of classification or shelving scheme Dewey Decimal Classification
Koha item type Open Shelf
Holdings
Withdrawn status Lost status Source of classification or shelving scheme Damaged status Not for loan Home library Current library Date acquired Source of acquisition Inventory number Total Checkouts Full call number Barcode Date last seen Price effective from Koha item type
    Dewey Decimal Classification     MUST Main Library MUST Main Library 12/06/2024 Donation 2009/31730   510 BRY 2008 2024-20302 12/06/2024 12/06/2024 Open Shelf